| 000 | 01525nam a22004337a 4500 | ||
|---|---|---|---|
| 001 | 000096420 | ||
| 003 | CHAP | ||
| 005 | 20221007134858.0 | ||
| 008 | 061016d2006 mx r 00110 spa d | ||
| 010 | _a92886 | ||
| 011 | _a93858 | ||
| 035 | _a104439 | ||
| 040 | _cCHAP | ||
| 090 | _aTesis | ||
| 100 | 1 |
_aHernández Vargas, Gabriela. _954707 |
|
| 245 | 1 | 0 |
_a¿La educación cooperativa, estrategia exitosa para el desarrollo y funcionamiento de la organización cooperativa ? : _bcaso : CUPANDA / _c/por Gabriela Hernández Vargas y Ramiro Martínez Morales. |
| 260 |
_aChapingo, Méx. : _bEl autor, _c2006. |
||
| 300 | _a146 h. | ||
| 502 | _aTesis (Ing. Agr. Esp. en Sociología Rural) - - UACH. Departamento de Sociología Rural | ||
| 590 |
_aALEPH _b10 _c20130110 |
||
| 590 |
_aBATCH-UPD _b10 _c20130110 |
||
| 590 |
_aBATCH-UPD _b10 _c20130110 |
||
| 590 |
_aBATCH-UPD _b10 _c20130410 |
||
| 590 |
_aBATCH-UPD _b10 _c20130914 |
||
| 590 |
_aBATCH-UPD _b10 _c20140324 |
||
| 590 |
_aBATCH-UPD _b10 _c20141002 |
||
| 590 |
_aCONVERSION _b10 _c20130109 |
||
| 590 |
_aE11695DGD _b10 _c20130529 |
||
| 650 | 1 | 4 |
_aCooperativas. _927777 |
| 650 | 1 | 4 |
_aCooperativismo _xMichoacán. _927799 |
| 700 | 1 |
_aMartínez Morales, Ramiro. _972311 |
|
| 856 |
_uhttp://10.13.5.2/tesis/104439.pdf _zDESCARGAR PDF |
||
| 901 | _aBK | ||
| 905 | _aLilia | ||
| 942 |
_cCD _2ddc |
||
| 942 |
_n0 _2ddc |
||
| 949 |
_aTesis _bBC _cTES _d00000001044391 _eTS1 _h45896 _i104439 _sb |
||
| 949 |
_aTesis _bBC _cTES _d33724000995494 _eTS2 _fc.2 _h45897 _i104439 _sb |
||
| 999 |
_c92886 _d92886 |
||